000 00435nam a2200145 a 4500
001 000033809
005 20200930070533.0
008 110912s1892 000 0 spa d
040 _aDO-SdBNP
_bspa
_cBNPHU
082 _axxx
_bH155d
100 1 _aHakes, Harry
_959233
245 1 0 _aThe discovery of América by Christopher Columbus /
_cHarry Hakes.
260 _as.l., :
_bRobert Baur y Son, Printers,
_c1892.
300 _a132 p. ;
_c19 cm.
999 _c33300
_d33300